Jak řádne spravovat a řídit?

Aplikácia kódexu corporate governance do praxe. Pojem a obsah corporate governance. Kódex corporate governance v Českej republike. Prehľad niektorých pravidiel kódexu.

Gespeichert in:
Bibliographische Detailangaben
1. Verfasser: Šafránek, Pavel
Format: Buchkapitel
Sprache:Tschechisch
Schlagworte:
Tags: Tag hinzufügen
Keine Tags, Fügen Sie das erste Tag hinzu!

MARC

LEADER 00000naa$a2200000$$$4500
001 0005074
005 20231106121522.3
041 0 |a cze 
044 |a CZ 
245 1 0 |a Jak řádne spravovat a řídit?  |c aut. Pavel Šafránek 
520 |a Aplikácia kódexu corporate governance do praxe. Pojem a obsah corporate governance. Kódex corporate governance v Českej republike. Prehľad niektorých pravidiel kódexu. 
610 2 0 |a správa podniku 
610 2 0 |a riadenie podnikové 
610 2 0 |a kódexy 
610 2 0 |a Česko 
100 1 |a Šafránek, Pavel